ARRUPE JESUIT UNIVERSITY

CORONAVIRUS -STOP THE SPREAD - CLEAN,DISINFECT,COVER

Being Jack Dominian : (Record no. 121242)

MARC details
000 -LEADER
fixed length control field 01176cam a22003373a 4500
001 - CONTROL NUMBER
control field 6324203
003 - CONTROL NUMBER IDENTIFIER
control field ARRUPE
005 - DATE AND TIME OF LATEST TRANSACTION
control field 20141114105755.0
008 - FIXED-LENGTH DATA ELEMENTS--GENERAL INFORMATION
fixed length control field 071026s2007 enk b 001 0aeng d
020 ## - INTERNATIONAL STANDARD BOOK NUMBER
International Standard Book Number 9780281059454
020 ## - INTERNATIONAL STANDARD BOOK NUMBER
International Standard Book Number 0281059454
035 ## - SYSTEM CONTROL NUMBER
System control number (OCoLC)ocn156806450
035 ## - SYSTEM CONTROL NUMBER
System control number (OCoLC)156806450
035 ## - SYSTEM CONTROL NUMBER
System control number (NNC)6324203
040 ## - CATALOGING SOURCE
Original cataloging agency BTCTA
Transcribing agency BTCTA
Modifying agency BAKER
-- BWK
-- BWE
090 ## - LOCALLY ASSIGNED LC-TYPE CALL NUMBER (OCLC); LOCAL CALL NUMBER (OCLC)
Classification number (OCLC) (R) ; Classification number, CALL (RLIN) (NR) BV835
Local cutter number (OCLC) ; Book number/undivided call number, CALL (RLIN) .D58 2007
300 ## - PHYSICAL DESCRIPTION
Dimensions 22 cm.
100 1# - MAIN ENTRY--PERSONAL NAME
Personal name Dominian, Jack,
Dates associated with a name 1929-2014.
9 (RLIN) 12622
245 10 - TITLE STATEMENT
Title Being Jack Dominian :
Remainder of title reflections on marriage, sex and love /
Statement of responsibility, etc Jack Dominian.
260 ## - PUBLICATION, DISTRIBUTION, ETC. (IMPRINT)
Place of publication, distribution, etc London :
Name of publisher, distributor, etc SPCK,
Date of publication, distribution, etc c2007.
300 ## - PHYSICAL DESCRIPTION
Extent xvii, 185 p. ;
500 ## - GENERAL NOTE
General note Autobiographical and other writings, some previously published.
504 ## - BIBLIOGRAPHY, ETC. NOTE
Bibliography, etc Includes bibliographical references (p. 176-177) and index.
600 10 - SUBJECT ADDED ENTRY--PERSONAL NAME
Personal name Dominian, Jack,
Dates associated with a name 1929-2014.
9 (RLIN) 12623
610 20 - SUBJECT ADDED ENTRY--CORPORATE NAME
Corporate name or jurisdiction name as entry element Catholic Church
General subdivision Doctrines.
9 (RLIN) 12624
650 #0 - SUBJECT ADDED ENTRY--TOPICAL TERM
Topical term or geographic name as entry element Marriage
General subdivision Religious aspects
-- Christianity.
9 (RLIN) 4421
650 #0 - SUBJECT ADDED ENTRY--TOPICAL TERM
Topical term or geographic name as entry element Sex
General subdivision Religious aspects
-- Christianity.
9 (RLIN) 12625
650 #0 - SUBJECT ADDED ENTRY--TOPICAL TERM
Topical term or geographic name as entry element Love
General subdivision Religious aspects
-- Christianity.
9 (RLIN) 12626
942 ## - ADDED ENTRY ELEMENTS (KOHA)
Source of classification or shelving scheme Library of Congress Classification
Koha item type Monograph ( Printed materials)
948 1# - LOCAL PROCESSING INFORMATION (OCLC); SERIES PART DESIGNATOR (RLIN)
Series part designator, SPT (RLIN) 20071211
b (OCLC) c
c (OCLC) as2107
d (OCLC) MPS
Holdings
Withdrawn status Lost status Source of classification or shelving scheme Damaged status Not for loan Collection code Home library Current library Shelving location Date acquired Total Checkouts Full call number Barcode Date last seen Price effective from Koha item type
    Library of Congress Classification     Main Collection ARRUPE LIBRARY ARRUPE LIBRARY Main Collection 14/11/2014   HQ734.D671 2007 46500003664 09/05/2018 14/11/2014 Monograph ( Printed materials)

 

Arrupe Library. PO Box MP320 Mt Pleasant, Harare, Zimbabwe
263 242 745411|librarian@aju.ac.zw